[Event "CHI-ch (Women)"]
[Site "Santiago de Chile"]
[Date "2023.02.16"]
[Round "7"]
[White "Contreras Suazo, Rocio Antonella"]
[Black "Izquierdo Garces, Rosario"]
[Result "1-0"]
[WhiteElo "1758"]
[BlackElo "1572"]
[PlyCount "101"]
[EventDate "2023.02.11"]
[EventType "tourn"]
[EventRounds "11"]
[EventCountry "CHI"]
[SourceTitle "CBM 212 Extra"]
[Source "ChessBase"]
[SourceDate "2023.03.31"]
[SourceVersion "1"]
[SourceVersionDate "2023.03.31"]
[SourceQuality "1"]

1. e4 c6 2. Ne2 d5 3. e5 c5 4. d4 Nc6 5. c3 Bg4 6. f3 Bf5 7. Nd2 e6 8. Ng3 cxd4 9. cxd4 Nxd4 10. Nxf5 exf5 11. Qa4+ Nc6 12. Bd3 Qd7 13. 0-0 Bc5+ 14. Kh1 Nge7 15. Nb3 Bb6 16. Re1 0-0 17. Qh4 Ng6 18. Qh3 Nge7 19. g4 g6 20. Bg5 Nd8 21. Bxe7 Qxe7 22. gxf5 Re8 23. f4 Bf2 24. Re2 Qh4 25. Qg2 Bb6 26. e6 fxe6 27. fxg6 h5 28. g7 Qg4 29. Qxg4 hxg4 30. Rg2 Kxg7 31. Rxg4+ Kf8 32. f5 exf5 33. Rf1 Nf7 34. Bxf5 Ke7 35. Bg6 Ne5 36. Rg5 Nxg6 37. Rxg6 Rg8 38. Re1+ Kf7 39. Rh6 Rg7 40. Rh3 Rd8 41. a4 a6 42. Nc1 Rd6 43. Nd3 Re6 44. Rf1+ Kg8 45. Rh5 Reg6 46. h4 Rg4 47. b3 Bc7 48. b4 Rg2 49. Nf4 R2g4 50. Ne6 Re7 51. Rf8# 1-0

[Event "CHI-ch U20 Girls"]
[Site "Quirihue"]
[Date "2022.01.18"]
[Round "2"]
[White "Contreras Suazo, Rocio Antonella"]
[Black "Gomez Barrera, Javiera Belen"]
[Result "0-1"]
[WhiteElo "1684"]
[BlackElo "2222"]
[PlyCount "66"]
[EventDate "2022.01.17"]
[EventType "swiss"]
[EventRounds "9"]
[EventCountry "CHI"]
[SourceTitle "CBM 206 Extra"]
[Source "ChessBase"]
[SourceDate "2022.03.31"]
[SourceVersion "1"]
[SourceVersionDate "2022.03.31"]
[SourceQuality "1"]

1. e4 c5 2. Nf3 Nc6 3. d4 cxd4 4. Nxd4 e5 5. Nxc6 bxc6 6. Bd3 Nf6 7. 0-0 Bc5 8. Nd2 a5 9. Kh1 a4 10. Nc4 0-0 11. f4 d5 12. Nxe5 dxe4 13. Be2 Qc7 14. Qe1 Bd4 15. Qg3 Rb8 16. c3 Bc5 17. Rb1 Nd5 18. c4 Ne7 19. Bd2 Nf5 20. Qe1 Be6 21. b4 axb3 22. axb3 Rfe8 23. b4 Bd4 24. Bc3 Ra8 25. g4 Bxc3 26. Qxc3 Nd6 27. c5 Nb5 28. Qe3 Ra3 29. Qd2 Rd8 30. Qb2 Ra2 31. Qc1 Rxe2 32. Rb2 Rxb2 33. Qxb2 f6 0-1

[Event "South America-ch U20"]
[Site "Chess.com INT"]
[Date "2021.06.19"]
[Round "7"]
[White "Oviedo Acosta, Paula"]
[Black "Contreras Suazo, Rocio Antonella"]
[Result "0-1"]
[WhiteElo "1637"]
[BlackElo "1695"]
[PlyCount "64"]
[EventDate "2021.06.19"]
[EventType "swiss"]
[EventRounds "7"]
[EventCountry "CHI"]
[SourceTitle "CBM 203 Extra"]
[Source "ChessBase"]
[SourceDate "2021.09.30"]
[SourceVersion "1"]
[SourceVersionDate "2021.09.30"]
[SourceQuality "1"]

1. e4 d5 2. exd5 Qxd5 3. Nc3 Qd6 4. d4 Nf6 5. Bc4 a6 6. Nf3 Bg4 7. h3 Bh5 8. Be3 Nc6 9. 0-0 0-0-0 10. a4 e6 11. Re1 h6 12. Qe2 Bxf3 13. gxf3 Nb4 14. Rad1 Nbd5 15. Ne4 Qc6 16. b3 Nxe4 17. fxe4 Nc3 18. Qd3 Nxd1 19. Rxd1 e5 20. d5 Qg6+ 21. Kh2 f5 22. exf5 Qf6 23. Qe4 Bd6 24. Be2 Rdf8 25. c4 b6 26. c5 bxc5 27. Bxa6+ Kd7 28. Be2 Ke7 29. Rg1 Rhg8 30. Rg6 Qxf5 31. Re6+ Kd8 32. Qf4 exf4 0-1

[Event "Wch FIDE Online U16 Girls America qual"]
[Site "Tornelo INT"]
[Date "2020.12.01"]
[Round "1"]
[White "Contreras Suazo, Rocio Antonella"]
[Black "Mollo, Katherine"]
[Result "1-0"]
[WhiteElo "1282"]
[BlackElo "1024"]
[PlyCount "103"]
[EventDate "2020.12.01"]
[EventType "swiss (rapid)"]
[EventRounds "7"]
[EventCountry "ISS"]
[SourceTitle "EXT 2022"]
[Source "ChessBase"]
[SourceDate "2021.10.06"]
[SourceVersion "1"]
[SourceVersionDate "2021.10.06"]
[SourceQuality "1"]

1. e4 c5 2. Nf3 d6 3. d4 cxd4 4. Nxd4 Nf6 5. Bd3 a6 6. 0-0 e6 7. b3 Be7 8. Bb2 0-0 9. Kh1 Qc7 10. Nd2 Nc6 11. Nxc6 Qxc6 12. f4 d5 13. Qe1 dxe4 14. Nxe4 Nxe4 15. Qxe4 Qxe4 16. Bxe4 Bd6 17. Rad1 Bc7 18. g3 Rb8 19. Rd3 b5 20. Ba3 b4 21. Bb2 Bb7 22. Bxb7 Rxb7 23. Rd7 Rfb8 24. Rfd1 Bb6 25. Be5 Rxd7 26. Rxd7 Rd8 27. Rxd8+ Bxd8 28. Bd6 a5 29. Kg2 f6 30. Kf3 Kf7 31. Ke3 g5 32. fxg5 fxg5 33. Ke4 h6 34. a3 bxa3 35. Bxa3 Bc7 36. c4 h5 37. Bc5 g4 38. Bd4 Ke7 39. Be5 Bd8 40. Kd4 Bb6+ 41. c5 Bd8 42. Kc4 Kd7 43. Kb5 Bg5 44. Kxa5 Kc6 45. Bd6 Bd2+ 46. b4 Be3 47. b5+ Kb7 48. c6+ Kc8 49. b6 Bd2+ 50. Ka6 Be3 51. b7+ Kd8 52. b8Q# 1-0

[Event "CHI-ch (Women)"]
[Site "Rancagua"]
[Date "2019.10.10"]
[Round "3.2"]
[White "Aquiles Bello, Anastacia"]
[Black "Contreras Suazo, Rocio Antonella"]
[Result "1-0"]
[WhiteElo "1120"]
[BlackElo "1639"]
[PlyCount "73"]
[EventDate "2019.10.10"]
[EventType "swiss"]
[EventRounds "7"]
[EventCountry "CHI"]
[SourceTitle "EXT 2024"]
[Source "ChessBase"]
[SourceDate "2023.10.10"]
[SourceVersion "1"]
[SourceVersionDate "2023.10.10"]
[SourceQuality "1"]

1. e4 d5 2. exd5 Qxd5 3. Nc3 Qd6 4. d3 Nf6 5. Nf3 a6 6. g3 Bg4 7. Bg2 Nc6 8. 0-0 0-0-0 9. Be3 h6 10. Ne4 Nxe4 11. dxe4 e5 12. Qxd6 Bxd6 13. Rfe1 Nb4 14. Rac1 f5 15. a3 fxe4 16. Nd2 Nd5 17. Nxe4 Nxe3 18. Nxd6+ Rxd6 19. fxe3 Rd2 20. Bf1 Bf5 21. b4 Rxc2 22. Rxc2 Bxc2 23. Re2 Bg6 24. Rd2 Rd8 25. Bh3+ Kb8 26. Rxd8+ Ka7 27. Rd7 Kb6 28. Rxg7 Be8 29. Re7 Ba4 30. Rxe5 Bc6 31. Rh5 Be4 32. Rxh6+ Kb5 33. Re6 Bc6 34. Bg2 Bxg2 35. Kxg2 c5 36. bxc5 Kxc5 37. h4 1-0

[Event "South America School-ch 33rd"]
[Site "Cochabamba"]
[Date "2017.12.05"]
[Round "2.4"]
[White "Contreras Suazo, Rocio Antonella"]
[Black "Ruiz Jaraba, Valentina Sofia"]
[Result "1-0"]
[WhiteElo "1444"]
[BlackElo "1559"]
[PlyCount "48"]
[EventDate "2017.12.05"]
[EventType "team-tourn"]
[EventRounds "9"]
[EventCountry "BOL"]
[SourceTitle "CBM 182 Extra"]
[Source "ChessBase"]
[SourceDate "2018.02.23"]
[SourceVersion "1"]
[SourceVersionDate "2018.02.23"]
[SourceQuality "1"]
[WhiteTeam "Chile"]
[BlackTeam "Colombia"]
[WhiteTeamCountry "CHI"]
[BlackTeamCountry "COL"]

1. e4 c5 2. Nc3 d6 3. g3 Nf6 4. Bg2 e6 5. Nge2 Nbd7 6. 0-0 g6 7. d3 Bg7 8. h3 e5 9. f4 a6 10. f5 b5 11. Qe1 Bb7 12. g4 h6 13. g5 Nh7 14. f6 Nhxf6 15. gxf6 Bxf6 16. Qf2 Qc7 17. Qe1 h5 18. Be3 0-0-0 19. a4 b4 20. Nd1 g5 21. b3 a5 22. c3 Rdg8 23. cxb4 axb4 24. Nf2 g4 1-0